<?xml version="1.0" encoding="UTF-8"?>
<collection xmlns="http://www.loc.gov/MARC21/slim">
 <record>
  <leader>00710nam a2200169 a 4500</leader>
  <controlfield tag="001">1/54951</controlfield>
  <controlfield tag="008">220124s2017    gr            000 | gre d</controlfield>
  <datafield tag="040" ind1=" " ind2=" ">
   <subfield code="a">GR-PeUP</subfield>
  </datafield>
  <datafield tag="082" ind1="0" ind2="0">
   <subfield code="a">252 ΣΑΒ</subfield>
  </datafield>
  <datafield tag="100" ind1="0" ind2=" ">
   <subfield code="a">Σάββας ο Αγιορείτης,</subfield>
   <subfield code="c">Αρχιμανδρίτης.</subfield>
  </datafield>
  <datafield tag="245" ind1="1" ind2="0">
   <subfield code="a">Συλλογή απομαγνητοφωνημένων ομιλιών Αρχ. Σάββα Αγιορείτου.</subfield>
  </datafield>
  <datafield tag="260" ind1=" " ind2=" ">
   <subfield code="a">[χ.τ.] :</subfield>
   <subfield code="b">[χ.ό.],</subfield>
   <subfield code="c">2017.</subfield>
  </datafield>
  <datafield tag="300" ind1=" " ind2=" ">
   <subfield code="a">170 σ. ;</subfield>
   <subfield code="c">22 εκ.</subfield>
  </datafield>
  <datafield tag="610" ind1="1" ind2="4">
   <subfield code="a">Ορθόδοξη Ανατολική Εκκλησία</subfield>
   <subfield code="x">Κηρύγματα.</subfield>
  </datafield>
  <datafield tag="610" ind1="1" ind2="4">
   <subfield code="a">Orthodox Eastern Church</subfield>
   <subfield code="x">Sermons.</subfield>
  </datafield>
  <datafield tag="852" ind1=" " ind2=" ">
   <subfield code="a">INST</subfield>
   <subfield code="b">UNIPILB</subfield>
   <subfield code="c">MAIN</subfield>
   <subfield code="e">20220124</subfield>
   <subfield code="h">252 ΣΑΒ</subfield>
   <subfield code="p">00183195</subfield>
   <subfield code="q">00183195</subfield>
   <subfield code="t">LOAN</subfield>
   <subfield code="y">0</subfield>
   <subfield code="4">1</subfield>
  </datafield>
  <datafield tag="960" ind1=" " ind2=" ">
   <subfield code="a">ΜΑΡΙΑ ΒΕΛ</subfield>
  </datafield>
 </record>
</collection>
